000 00324nam a22001457a 4500
020 _a81-274-0149-8
082 _a823
_bBER/F
100 _aBERK, TOMS
245 _aFAMOUSE FOLK TALES
250 _a1
260 _aKOTTAYAM
_bAVANTI PUBLICATIONS
_c2009
300 _a71
650 _aENGLISH SHORT STORY
_zKERALA
942 _cBK
999 _c3488
_d3488